مكتبة جامعة عجلون الوطنية

فهرس بحث المكتبة

Normal view MARC view
  • بورصة الاوراق المالية - الاطر الشرعية

Entry Topical Term

Number of records used in: 1

001 - CONTROL NUMBER

  • control field: 44720

003 - CONTROL NUMBER IDENTIFIER

  • control field: JO-AjAnu

005 - DATE AND TIME OF LATEST TRANSACTION

  • control field: 20230606081413.0

008 - FIXED-LENGTH DATA ELEMENTS

  • fixed length control field: 230606|| aca||aabn | a|a d

040 ## - CATALOGING SOURCE

  • Original cataloging agency: JO-AjAnu
  • Transcribing agency: JO-AjAnu

150 ## - HEADING--TOPICAL TERM

  • Topical term or geographic name entry element: بورصة الاوراق المالية - الاطر الشرعية

670 ## - SOURCE DATA FOUND

  • Source citation: Work cat.: (JO-AjAnu)22898: عبدالتواب، محمد حلمي, author 44719, الاطر الشرعية والفنية لبورصة الاوراق المالية وآليات الرقابة القانونية عليها=The Legality and technical frames for the Stock Exchange and mechanisms of the legality observation